| 000 | 00569nam a22001817a 4500 | ||
|---|---|---|---|
| 003 | CEME | ||
| 005 | 20210628202804.0 | ||
| 008 | 210204b xxu||||| |||| 00| 0 eng d | ||
| 020 | _a1-4018-1206-6 | ||
| 040 | _c. | ||
| 082 | _a005.133 BAR | ||
| 100 |
_aO'cull, Larry Cox, Sarah Barnett, Richard _961628 |
||
| 245 | _aEmbedded c programming and the atmel avr | ||
| 260 |
_aNEW YORK _bTHOMSON LEARNING _c2003 |
||
| 300 | _aXXII,495P | ||
| 650 |
_aEMBEDDED COMPUTER SYSTEM-DESIGN AND CONSTRUCTION.RISC MICROPROCESSOR. C-PROGRAMMING LANGUAGE _961629 |
||
| 942 |
_cBK _2ddc |
||
| 999 |
_c571021 _d571021 |
||